| 000 | 00706nam a22002057a 4500 | ||
|---|---|---|---|
| 999 |
_c20056 _d20056 |
||
| 008 | 240405b ||||| |||| 00| 0 eng d | ||
| 020 | _a9711034395 | ||
| 082 |
_aDFil 613.299 _bB29 1988 |
||
| 100 |
_aDe Guzman, Patrocinio E. _956215 |
||
| 245 |
_aBasic nutrition for Filipinos / _cPatrocinio E. De Guzman and three others |
||
| 250 | _a3rd edition. | ||
| 260 |
_aManila : _bMerriam & Webster, Inc., _c©1988. |
||
| 300 |
_avi, 415 pages : _billustrations ; _c25 cm. |
||
| 500 | _aIncludes index. | ||
| 650 |
_aNutrition. _956508 |
||
| 700 |
_aClaudio, Virginia S. _eauthor. _956216 |
||
| 700 |
_aOliveros, Moninia S. _eauthor. _956217 |
||
| 700 |
_aDimaano, Gemma P. _eauthor. _956218 |
||
| 942 |
_2ddc _cDFIL |
||